| 000 | 00592nam a22002057a 4500 | ||
|---|---|---|---|
| 003 | OSt | ||
| 008 | 260408b |||||||| |||| 00| 0 eng d | ||
| 020 | _a9788189304096 | ||
| 082 |
_a333.950954 _bB62I |
||
| 100 | _aBiswas, Sas. | ||
| 245 |
_aIndian Biodiversity for The Present Millennium : global prospects and perspectives / _cby Sas. Biswas |
||
| 260 |
_a.- Delhi _b: Satish Serial Publishing House _c, 2006 |
||
| 300 | _a314p. | ||
| 650 | _aSocial Sciences | ||
| 650 | _aEconomics | ||
| 650 | _aBiodiversity | ||
| 650 | _aNature Conservation | ||
| 650 | _aIndia | ||
| 942 |
_2ddc _cBK |
||
| 999 |
_c50044 _d50044 |
||